[Event "Titled Tue 20th May Early"]
[Site "chess.com INT"]
[Date "2025.05.20"]
[Round "4"]
[White "Ndirangu, Nyaruai, Joyce"]
[Black "Barrientos, Ernesto"]
[Result "0-1"]
[WhiteTitle "WCM"]
[BlackTitle "CM"]
[WhiteElo "1933"]
[BlackElo "2027"]
[WhiteFideId "10802886"]
[BlackFideId "3701247"]
[EventDate "2025.05.20"]

1. e4 c5 2. Bc4 e6 3. c3 d5 4. exd5 exd5 5. Bb3 Nf6 6. d4 Bd6 7. Be3 c4 8. Bc2
O-O 9. Nf3 Bg4 10. O-O Nbd7 11. Nbd2 h6 12. Re1 Re8 13. Nf1 Ne4 14. Qc1 f5 15.
h3 Bxf3 16. gxf3 Ng5 17. Kg2 Rf8 18. f4 Nh7 19. Ng3 g6 20. Rg1 Kh8 21. Qd1 Ndf6
22. Qf3 Ne4 23. Rae1 Qf6 24. Bc1 Rae8 25. Kh1 Qf7 26. Re3 Nhf6 27. Rge1 Qc7 28.
Ne2 Nh5 29. Bxe4 fxe4 30. Qg4 Bxf4 31. Nxf4 Nxf4 32. f3 h5 33. Qg5 Nxh3 34. Qh6+
Qh7 35. Qxh7+ Kxh7 36. Kg2 Ng5 37. fxe4 Nxe4 38. Rf3 Rxf3 39. Kxf3 Rf8+ 40. Kg2
Rf2+ 41. Kg1 Rf3 42. Re3 Rxe3 43. Bxe3 g5 44. Kg2 Kg6 45. Kf3 Kf5 46. a4 h4 47.
Bc1 g4+ 48. Kg2 h3+ 49. Kh2 a6 50. a5 Nf6 51. Kg3 Nd7 52. Bf4 Nf8 53. Be5 Ne6
54. Kh2 Ng5 55. Kg3 Ne4+ 56. Kh4 Nd2 57. Bh2 Nf3+ 58. Kg3 Nxh2 59. Kxh2 Kf4 60.
Kg1 g3 61. Kf1 g2+ 62. Kg1 Kg3 63. b3 h2# 0-1

[Event "Titled Tue 20th May Early"]
[Site "chess.com INT"]
[Date "2025.05.20"]
[Round "4"]
[White "Koshulyan, Egor A."]
[Black "Karvatskyi, Oleksii"]
[Result "1-0"]
[WhiteTitle "FM"]
[BlackTitle "CM"]
[WhiteElo "2235"]
[BlackElo "2248"]
[WhiteFideId "24237000"]
[BlackFideId "14191059"]
[EventDate "2025.05.20"]

1. e4 c5 2. Nf3 d6 3. d4 cxd4 4. Qxd4 Nf6 5. Nc3 g6 6. e5 Nc6 7. Bb5 dxe5 8.
Qxd8+ Kxd8 9. Bg5 Be6 10. O-O-O+ Kc7 11. Nxe5 Nxe5 12. Bf4 Ng4 13. Rhe1 f6 14.
h3 Bh6 15. Bxh6 Nxh6 16. f4 Nhf7 17. fxe5 Nxe5 18. g4 a6 19. Ba4 Rhd8 20. g5
Rxd1+ 21. Kxd1 Rd8+ 22. Kc1 Rd4 23. gxf6 exf6 24. Bb3 Bxb3 25. axb3 Kd6 26. Ne4+
Ke7 27. Nc5 Rb4 28. Ne4 Rb6 29. Nc5 Kf7 30. Kb1 Rb5 31. Ne4 Ke6 32. Rf1 Nd7 33.
Rd1 Rd5 34. Rf1 Rf5 35. Rd1 Rd5 36. Rf1 Re5 37. Nd2 b5 38. Nf3 Re4 39. Kc1 h6
40. Kd2 f5 41. Ra1 Nc5 42. h4 Rf4 43. Ke3 Re4+ 44. Kd2 Kf6 45. Rg1 Rf4 46. Ke3
Re4+ 47. Kd2 a5 48. Ra1 a4 49. bxa4 bxa4 50. Ra3 Rb4 51. Kc3 Rf4 52. Kd2 g5 53.
hxg5+ hxg5 54. Ke3 Re4+ 55. Kf2 g4 56. Nd2 Rb4 57. b3 Kg5 58. c3 Rf4+ 59. Kg2
axb3 60. Ra5 Nd3 61. Nxb3 Rf2+ 62. Kg1 Rf3 63. Nd4 Rf4 64. Ne6+ Kf6 65. Nxf4
Nxf4 66. c4 Kg5 67. c5 Nh3+ 68. Kh2 f4 69. c6+ Kh4 70. c7 f3 71. Ra4 f2 72. Kg2
f1=Q+ 73. Kxf1 1-0

[Event "Titled Tue 20th May Early"]
[Site "chess.com INT"]
[Date "2025.05.20"]
[Round "4"]
[White "Moosavifar, Seyed Abolfazl"]
[Black "Arencibia Monduy, Antonio"]
[Result "1-0"]
[WhiteTitle "FM"]
[BlackTitle "CM"]
[WhiteElo "2303"]
[BlackElo "2115"]
[WhiteFideId "42548195"]
[BlackFideId "3507939"]
[EventDate "2025.05.20"]

1. d4 Nf6 2. c4 e6 3. Nc3 d5 4. cxd5 exd5 5. Nf3 c6 6. e3 Be7 7. Bd3 O-O 8. O-O
Nbd7 9. a4 Re8 10. a5 a6 11. Bd2 Bd6 12. h3 Ne4 13. Be1 Qe7 14. Nd2 f5 15. Na4
Ndf6 16. f4 Be6 17. Nf3 Rad8 18. Ne5 c5 19. Bc3 c4 20. Bc2 Bf7 21. Nb6 Bh5 22.
Qe1 Nxc3 23. bxc3 Bg6 24. Qe2 Qe6 25. g4 fxg4 26. f5 Qe7 27. fxg6 Bxe5 28. dxe5
Qxe5 29. gxh7+ Kh8 30. hxg4 Qg3+ 31. Qg2 Qxe3+ 32. Rf2 Qxc3 33. Raf1 Qxa5 34. g5
Ne4 35. Bxe4 dxe4 36. Nxc4 Qc5 37. Nb2 e3 38. Re2 Re5 39. Rf3 Rxg5 40. Rg3 Qc1+
41. Kh2 Rh5+ 42. Rh3 Rdd5 43. Qg4 Qc7+ 44. Qg3 Rxh3+ 45. Kxh3 Qd7+ 46. Qg4 Rh5+
47. Kg3 Qd6+ 48. Kf3 Qd5+ 49. Kxe3 Re5+ 50. Kf2 Qc5+ 51. Kf3 Rf5+ 52. Ke4 Qd5+
53. Ke3 Re5+ 54. Kf2 Rf5+ 55. Ke1 Qh1+ 56. Kd2 Rd5+ 57. Nd3 Qh6+ 58. Re3 Qh2+
59. Kc3 Qc7+ 60. Kd2 Qh2+ 61. Kd1 Qh1+ 62. Kc2 Qh2+ 63. Kb3 Rb5+ 64. Nb4 1-0

[Event "Titled Tue 20th May Early"]
[Site "chess.com INT"]
[Date "2025.05.20"]
[Round "4"]
[White "Hungaski, Robert"]
[Black "Eljanov, Pavel"]
[Result "1-0"]
[WhiteTitle "GM"]
[BlackTitle "GM"]
[WhiteElo "2477"]
[BlackElo "2668"]
[WhiteFideId "2021030"]
[BlackFideId "14102951"]
[EventDate "2025.05.20"]

1. h3 d5 2. e3 c5 3. Nf3 Nc6 4. d4 cxd4 5. exd4 Bf5 6. Bb5 e6 7. O-O Bd6 8. Re1
Ne7 9. c4 dxc4 10. Bxc4 O-O 11. a3 Nd5 12. Bxd5 exd5 13. Nc3 Ne7 14. Qb3 Qb6 15.
Qxb6 axb6 16. Nb5 Bb4 17. Bd2 Bxd2 18. Rxe7 Bf4 19. Nc3 Be6 20. Rxb7 Rfb8 21.
Rxb8+ Rxb8 22. g3 Bd6 23. Nb5 Be7 24. Kg2 Rc8 25. Nc3 f6 26. Nd2 Kf7 27. Rc1 g5
28. Na2 Rxc1 29. Nxc1 Bf5 30. Ne2 h5 31. Nc3 Ke6 32. Nf1 Kd6 33. Ne3 Be6 34. g4
hxg4 35. hxg4 Kc6 36. Kf3 Bd6 37. Ke2 Bf4 38. f3 Bd6 39. Kd3 Bf4 40. b4 Bg3 41.
Nf5 Bc7 42. b5+ Kd7 43. a4 Bf4 44. Ne3 Kd6 45. Nf5+ Kd7 46. Nd1 Bc1 47. Nfe3 Ba3
48. Nc3 Kd6 49. Nc2 Bb2 50. Nd1 Bc1 51. Nce3 Kd7 52. Nc3 Kd6 53. Nf5+ Kd7 54.
Kc2 Bf4 55. Ne2 Bh2 56. Kd3 Kc7 57. Ne3 Kd7 58. Nf1 Bc7 59. Nfg3 Bb8 60. Nf5 Bc7
61. Nc1 Bf4 62. Nb3 Bc7 63. Kc3 Bd8 64. Kb4 Kc7 65. a5 bxa5+ 66. Nxa5 Kb6 67.
Nb3 Bc7 68. Nc5 Bxf5 69. gxf5 Bd6 70. Ka4 Be7 71. Kb4 1-0

[Event "Titled Tue 20th May Early"]
[Site "chess.com INT"]
[Date "2025.05.20"]
[Round "4"]
[White "Sarana, Alexey"]
[Black "Kravtsiv, Martyn"]
[Result "1-0"]
[WhiteTitle "GM"]
[BlackTitle "GM"]
[WhiteElo "2686"]
[BlackElo "2598"]
[WhiteFideId "24133795"]
[BlackFideId "14113147"]
[EventDate "2025.05.20"]

1. d4 d5 2. c4 e6 3. Nc3 Nf6 4. cxd5 exd5 5. Bf4 Bd6 6. Bxd6 Qxd6 7. e3 O-O 8.
Bd3 b6 9. h3 c5 10. Nf3 Be6 11. O-O Nc6 12. dxc5 bxc5 13. Rc1 Rab8 14. b3 Rfd8
15. Re1 h6 16. Qe2 d4 17. Nb5 Qd7 18. exd4 Nxd4 19. Nbxd4 cxd4 20. Ne5 Qd6 21.
Nc6 Kf8 22. Nxb8 Rxb8 23. Qe5 Qxe5 24. Rxe5 Nd5 25. Rc4 Nb4 26. Rxd4 Nc6 27.
Rxe6 Nxd4 28. Ra6 Rb7 29. Bc4 Ke7 30. h4 Rc7 31. g3 Nf5 32. Kg2 Nd6 33. Bd5 Nc8
34. Bf3 Nb6 35. a4 Nd7 36. b4 Ne5 37. Ra5 Kd6 38. Ba8 Nc4 39. Ra6+ Ke5 40. Bf3
Kd4 41. b5 Kc5 42. h5 Nb6 43. Be2 Nd5 44. b6 axb6 45. Ra8 Nc3 46. Bd3 Kb4 47.
Bc2 Nd5 48. Be4 Nc3 49. Bc2 f6 50. Ra6 Nd5 51. Be4 Nc3 52. Rxb6+ Kc5 53. Re6
Nxa4 54. Kf3 Nb6 55. Kf4 Nc4 56. Kf5 Kd4 57. Bb1 Rc5+ 58. Kg6 Rg5+ 59. Kh7 Rxh5
60. Kxg7 f5 61. Rf6 Ke5 62. f4+ Kd4 63. Bxf5 Ne3 64. Be6 Rh2 65. Rxh6 Rg2 66.
Rg6 Ke4 67. Kf6 Nf1 68. f5 Rxg3 69. Kf7 Rf3 70. f6 Ne3 71. Ke7 Ke5 72. f7 1-0

[Event "Titled Tue 20th May Early"]
[Site "chess.com INT"]
[Date "2025.05.20"]
[Round "4"]
[White "Scheglov, Gleb"]
[Black "Smirnov, Alexandr A."]
[Result "0-1"]
[WhiteTitle "FM"]
[BlackTitle "FM"]
[WhiteElo "2318"]
[BlackElo "2136"]
[WhiteFideId "34356266"]
[BlackFideId "24104396"]
[EventDate "2025.05.20"]

1. f4 e5 2. fxe5 d6 3. exd6 Bxd6 4. Nf3 g5 5. d4 g4 6. Ne5 Ne7 7. Nc3 Ng6 8. Ne4
Bxe5 9. dxe5 Qxd1+ 10. Kxd1 Nc6 11. Nf6+ Ke7 12. Nd5+ Kd7 13. e4 Ncxe5 14. Be2
h5 15. Bg5 c6 16. Nf6+ Kc7 17. c3 Be6 18. Kc2 b5 19. b3 a5 20. a4 Rhb8 21. axb5
cxb5 22. Nd5+ Kc6 23. Rhd1 Rb7 24. Be3 a4 25. bxa4 bxa4 26. Nb4+ Kc7 27. Bc5
Bb3+ 28. Kb2 Bxd1 29. Rxd1 Nc6 30. Bd6+ Kc8 31. Ka3 Nge5 32. Rd5 f6 33. h3 Nxb4
34. cxb4 Rg7 35. hxg4 hxg4 36. Rc5+ Kb7 37. Bxe5 fxe5 38. Rxe5 Rd8 39. Kxa4 Rd2
40. Bf1 Rf2 41. Rb5+ Kc8 42. Rc5+ Rc7 43. Ba6+ Kb8 44. Rg5 Ra2+ 45. Kb5 Ka7 46.
Rg6 Rxg2 47. Rg8 Ra2 48. Bc8 Rac2 49. Be6 Rb7+ 50. Ka4 Rb2 51. Bd5 R7xb4+ 52.
Ka3 Kb6 53. Rxg4 Kc5 54. Rg3 Rb8 55. Bb3 Re2 56. Rc3+ Kd4 57. Rc4+ Kd3 58. e5
Rxe5 59. Rb4 Ra5+ 60. Ba4 Rxb4 61. Kxb4 Ra7 62. Bc6 Kd4 63. Kb5 Rg7 64. Kb4 Rg5
65. Ba4 Kd3 66. Kb3 Rg7 67. Bb5+ Kd4 0-1

[Event "Titled Tue 20th May Early"]
[Site "chess.com INT"]
[Date "2025.05.20"]
[Round "4"]
[White "Goltsev, Dmitry"]
[Black "Fragkos, Vasileios"]
[Result "1-0"]
[WhiteTitle "FM"]
[BlackTitle "CM"]
[WhiteElo "2183"]
[BlackElo "2176"]
[WhiteFideId "24176710"]
[BlackFideId "25832646"]
[EventDate "2025.05.20"]

1. e4 e6 2. d4 b6 3. Nf3 Bb7 4. Nc3 Bb4 5. Bd3 Nf6 6. Qe2 d5 7. exd5 Nxd5 8. Bd2
Bxc3 9. bxc3 Nd7 10. c4 N5f6 11. c3 c5 12. O-O O-O 13. Rad1 Qc7 14. Rfe1 h6 15.
h3 Rfe8 16. Ne5 Nf8 17. Bf4 Qe7 18. Qe3 cxd4 19. cxd4 Rad8 20. Bxh6 gxh6 21.
Qxh6 N8h7 22. Re3 Qf8 23. Rg3+ Kh8 24. Rg6 Ng8 25. Qh4 f5 26. Rh6 Nxh6 27. Ng6+
Kg7 28. Nxf8 Nxf8 29. Qg3+ Kh7 30. c5 Re7 31. Qh4 Ng6 32. Qf6 Ng8 33. Qg5 Rxd4
34. cxb6 axb6 35. Kh2 Rdd7 36. Bc2 Rxd1 37. Bxd1 Bc6 38. Bh5 Be8 39. Qe3 b5 40.
Be2 e5 41. Qb3 Nf6 42. Bxb5 Bf7 43. Qc2 e4 44. a4 Nf4 45. a5 Bd5 46. a6 Rg7 47.
g3 N4h5 48. Qc5 f4 49. a7 fxg3+ 50. fxg3 Nxg3 51. Qxd5 Nf1+ 52. Bxf1 Nxd5 53.
a8=Q Nf6 54. Qd8 Kg6 55. Qd4 Re7 56. Qe3 Kf5 57. Bg2 Rd7 58. Qf2+ Ke5 59. Qg3+
Ke6 60. Qf4 Rd4 61. h4 Nd5 62. Bh3+ Ke7 63. Qe5+ Kf7 64. Qxd4 Nf6 65. Qe5 Kg7
66. Be6 Kg6 67. Qg5+ Kh7 68. Qxf6 e3 69. Qg5 e2 70. Qg8+ Kh6 71. Bf7 e1=Q 72.
Qg6# 1-0

[Event "Titled Tue 20th May Early"]
[Site "chess.com INT"]
[Date "2025.05.20"]
[Round "4"]
[White "Sailer, Mike"]
[Black "Li, Hui"]
[Result "1-0"]
[BlackTitle "CM"]
[WhiteElo "2108"]
[BlackElo "2041"]
[WhiteFideId "2012901"]
[BlackFideId "15400310"]
[EventDate "2025.05.20"]

1. d4 d5 2. Nf3 Nf6 3. e3 e6 4. Bd3 Bd6 5. b3 b6 6. Bb2 Bb7 7. Nbd2 Nbd7 8. O-O
O-O 9. Ne5 Ne4 10. f3 Nxd2 11. Qxd2 Nxe5 12. dxe5 Be7 13. f4 c5 14. Kh1 Qc7 15.
c3 a5 16. Rf3 g6 17. Rh3 f5 18. exf6 Bxf6 19. c4 Bxb2 20. Qxb2 Qg7 21. Qxg7+
Kxg7 22. Kg1 a4 23. bxa4 Rxa4 24. cxd5 Bxd5 25. a3 Rfa8 26. e4 Bxe4 27. Bxe4
Rxe4 28. Rb3 Ra6 29. g3 Rea4 30. Rab1 Rxa3 31. Rxa3 Rxa3 32. Rxb6 Kf6 33. Rc6
Rc3 34. Kg2 Rc2+ 35. Kf3 h5 36. h3 Rc3+ 37. Kg2 Kf5 38. Kf2 h4 39. gxh4 Rxh3 40.
Rxc5+ Kxf4 41. Rg5 Rh2+ 42. Ke1 Rxh4 43. Rxg6 Rh1+ 44. Kf2 Kf5 45. Rg8 Rh2+ 46.
Kf3 Rh3+ 47. Kf2 Ra3 48. Re8 Ke5 49. Ke2 Kd5 50. Kd2 Ra2+ 51. Ke3 Ra3+ 52. Kd2
e5 53. Re7 Ke4 54. Re8 Ra2+ 55. Kd1 Kd4 56. Re7 Kd3 57. Rd7+ Ke3 58. Re7 e4 59.
Re8 Ra1+ 60. Kc2 Kf3 61. Rf8+ Ke2 62. Rh8 Ra2+ 63. Kc3 1-0

[Event "Titled Tue 20th May Early"]
[Site "chess.com INT"]
[Date "2025.05.20"]
[Round "4"]
[White "Ismagilov, Damir"]
[Black "Bruhovich, Olexandr"]
[Result "1/2-1/2"]
[WhiteTitle "CM"]
[BlackTitle "CM"]
[WhiteElo "2173"]
[BlackElo "2208"]
[WhiteFideId "34199982"]
[BlackFideId "14119919"]
[EventDate "2025.05.20"]

1. e4 c5 2. Nf3 Nc6 3. Bb5 e6 4. Bxc6 dxc6 5. O-O Nf6 6. e5 Nd5 7. d3 Be7 8. a4
b6 9. Nbd2 O-O 10. Re1 a5 11. Ne4 b5 12. h4 Nb4 13. Be3 c4 14. d4 Nd5 15. Bg5 h6
16. Bxe7 Qxe7 17. Nd6 c3 18. b3 b4 19. Qd3 Ba6 20. Qd1 f5 21. h5 g5 22. hxg6 Kg7
23. g3 Kxg6 24. Nh4+ Kg7 25. Qh5 Qg5 26. Qxg5+ hxg5 27. Nf3 Kg6 28. Kg2 Rh8 29.
Rh1 Be2 30. Rae1 Ba6 31. Rxh8 Rxh8 32. Nh2 g4 33. f3 gxf3+ 34. Nxf3 f4 35. g4
Ne3+ 36. Kf2 Nxc2 37. Rc1 Ne3 38. Ne4 Nd5 39. Nc5 Bc8 40. Rg1 Rh3 41. Rc1 Rh7
42. Ne4 Rh3 43. Neg5 Rh8 44. Ne4 Ne3 45. Nd6 Nxg4+ 46. Ke2 Ne3 47. Rg1+ Kh7 48.
Rh1+ Kg8 49. Rxh8+ Kxh8 50. Nxc8 c2 51. Kd2 Kg7 52. Nb6 Kg6 53. Nd7 Kf5 54. Nc5
Kg4 55. Ne1 f3 56. Nxc2 Nxc2 57. Nd3 f2 58. Nxf2+ Kf3 59. Nd3 Nxd4 60. Nc5 Kf4
61. Kd3 Kxe5 62. Kc4 Nc2 63. Nb7 Na3+ 64. Kd3 Kd5 65. Nxa5 c5 66. Nb7 c4+ 67.
bxc4+ Nxc4 68. a5 Nxa5 69. Nxa5 e5 70. Nb3 e4+ 71. Ke3 Kc4 72. Nd2+ Kd5 73. Nxe4
b3 74. Kd3 b2 75. Nc3+ Kc5 76. Kc2 Kb4 77. Kxb2 1/2-1/2

[Event "Titled Tue 20th May Early"]
[Site "chess.com INT"]
[Date "2025.05.20"]
[Round "4"]
[White "Molina, Roberto Junio Brito"]
[Black "Bortnyk, Olexandr"]
[Result "0-1"]
[WhiteTitle "IM"]
[BlackTitle "GM"]
[WhiteElo "2381"]
[BlackElo "2601"]
[WhiteFideId "2109450"]
[BlackFideId "14120828"]
[EventDate "2025.05.20"]

1. d4 Nf6 2. c4 b6 3. Nc3 Bb7 4. Nf3 g6 5. d5 Bg7 6. e4 d6 7. Bd3 O-O 8. Bg5 Re8
9. Qd2 a5 10. O-O-O Na6 11. Kb1 Nc5 12. Bc2 Ba6 13. b3 a4 14. b4 Bxc4 15. bxc5
bxc5 16. Bd3 Qb8+ 17. Kc1 Bxd3 18. Qxd3 Nxe4 19. Qxe4 Bxc3 20. Qb1 Qc8 21. Qd3
Bg7 22. Rhe1 Rb8 23. Re2 Qg4 24. Qe4 Qxg2 25. Rg1 Qh3 26. Qg4 Qxg4 27. Rxg4 a3
28. Ra4 Bb2+ 29. Kc2 e6 30. dxe6 fxe6 31. Nd2 e5 32. Nc4 Rf8 33. Nxa3 Bd4 34.
Be3 Rb2+ 35. Kd1 Rfb8 36. Rxb2 Bxb2 37. Nc4 Bd4 38. Bxd4 exd4 39. Ra7 d5 40. Ne5
c4 41. Rxc7 Rb2 42. Nd7 Rxf2 43. a4 d3 44. Nb6 Ra2 45. Nxd5 Rxa4 46. Nf6+ Kf8
47. Nxh7+ Ke8 48. Nf6+ Kd8 49. Rc6 Ke7 50. h4 Ra1+ 51. Kd2 Ra2+ 52. Kd1 Ra1+ 53.
Kd2 Ra2+ 54. Kd1 Rh2 55. Nd5+ Kd7 56. Rxc4 Kd6 57. Nc3 Ke5 58. Rg4 Kf5 59. Rg5+
Kf4 60. Nd5+ Ke4 61. Nc3+ Kd4 62. Nb5+ Ke3 63. Rg3+ Ke4 64. Rxg6 Rxh4 65. Kd2
Rh2+ 66. Kc3 Rc2+ 67. Kb3 Rc1 68. Nc3+ Kd4 69. Rd6+ Ke3 70. Re6+ Kd2 71. Ne4+
Ke3 72. Nc5+ Kd4 73. Nxd3 Kxd3 74. Rd6+ Ke4 75. Kb2 Rc5 76. Rd3 Kxd3 0-1

[Event "Titled Tue 20th May Early"]
[Site "chess.com INT"]
[Date "2025.05.20"]
[Round "4"]
[White "Jovic, Stanoje"]
[Black "Shandrygin, Nikita"]
[Result "1-0"]
[WhiteTitle "FM"]
[BlackTitle "FM"]
[WhiteElo "2096"]
[BlackElo "2209"]
[WhiteFideId "905020"]
[BlackFideId "24198668"]
[EventDate "2025.05.20"]

1. c4 Nf6 2. g3 d5 3. cxd5 Nxd5 4. Bg2 g6 5. Nc3 Nb6 6. d4 Bg7 7. Nf3 Nc6 8. d5
Na5 9. O-O O-O 10. e4 c6 11. Qe2 cxd5 12. exd5 Nxd5 13. Nxd5 Qxd5 14. Qxe7 Nc6
15. Qh4 Qb5 16. Bh6 f6 17. Bxg7 Kxg7 18. b3 Bf5 19. Rfe1 Rad8 20. Rad1 Rxd1 21.
Rxd1 Qe2 22. Rd2 Qe7 23. h3 Rd8 24. Qf4 Rxd2 25. Qxd2 Be4 26. Qe3 Qb4 27. a3 Qe7
28. b4 a6 29. h4 Bd5 30. Qxe7+ Nxe7 31. Nd4 Kf7 32. f3 Nc6 33. Nxc6 Bxc6 34. Kf2
Ke6 35. Ke3 Kd6 36. Kd4 g5 37. Ke3 h6 38. Bf1 Ke5 39. f4+ Kd6 40. Kd4 Bf3 41.
Bd3 Bd1 42. Be4 b6 43. Bd3 a5 44. bxa5 bxa5 45. Bc4 Ba4 46. Ke4 Bd7 47. Kd4 Bc6
48. Bf7 Bd7 49. Kc4 Bc6 50. Bg6 Bd7 51. Be4 Be8 52. Bb7 Bd7 53. Ba6 Be8 54. Bb5
Bf7+ 55. Kd4 Be6 56. Be8 Ba2 57. Bg6 Bd5 58. Bd3 Be6 59. Bc4 Bd7 60. Bf7 Bc6 61.
Kc4 Bd7 62. Bg6 Bc6 63. Bf5 Be8 64. Bc8 Ba4 65. Bb7 Kc7 66. Bd5 Kd6 67. Bf7 Bd1
68. Kb5 a4 69. Kb4 gxf4 70. gxf4 Bc2 71. Be8 Ke6 72. Bxa4 Bd3 73. Bb5 Be4 74. a4
Kf5 75. Kc5 Kxf4 76. a5 Bb7 77. Kb6 Bc8 78. Kc7 Bf5 79. a6 Be4 80. a7 1-0

[Event "Titled Tue 20th May Early"]
[Site "chess.com INT"]
[Date "2025.05.20"]
[Round "4"]
[White "Jedryczka, Krystian"]
[Black "Setumadhav, Yellumahanthi"]
[Result "0-1"]
[BlackTitle "FM"]
[WhiteElo "2084"]
[BlackElo "2254"]
[WhiteFideId "1109472"]
[BlackFideId "25920669"]
[EventDate "2025.05.20"]

1. e4 e5 2. Nf3 Nc6 3. Bc4 Nf6 4. d3 Bc5 5. h3 h6 6. O-O a6 7. a3 d6 8. c3 Ba7
9. Be3 Bxe3 10. fxe3 O-O 11. Nbd2 d5 12. exd5 Nxd5 13. Qe2 Be6 14. Rae1 b5 15.
Bb3 Qd7 16. Qf2 Nb6 17. Bc2 Na4 18. Rb1 f5 19. d4 e4 20. Nh4 g5 21. Ng6 Rf6 22.
Ne5 Nxe5 23. Nxe4 Rf7 24. Ng3 Nc4 25. Nxf5 Bxf5 26. Bxf5 Qe7 27. e4 Nd6 28. Qg3
Nxf5 29. exf5 Raf8 30. Rbe1 Qd6 31. Re5 Nb6 32. Qe1 Nc4 33. Re6 Qd7 34. f6 Nd6
35. Qe5 Ne8 36. Qf5 Nxf6 37. Qg6+ Rg7 38. Rfxf6 Rxg6 39. Rxg6+ Kh7 40. Rxh6+ Kg8
41. Rhg6+ Qg7 42. Rxg7+ Kxg7 43. Re5 Kg6 44. Rc5 Rf7 45. Kh2 Rd7 46. Kg3 Kf7 47.
Rc6 Rd6 48. Rxc7+ Kf6 49. Rc5 Re6 50. Kf3 Kg6 51. g3 Rf6+ 52. Kg4 Re6 53. Rxg5+
Kf6 54. Rc5 Re2 55. Kf3 Rxb2 56. h4 Ke7 57. g4 Rb3 58. g5 Rxa3 59. h5 b4 60. Ke2
b3 61. Rc8 Kd7 62. Rb8 Kc7 63. Rb4 a5 64. Rb5 a4 65. h6 Ra2+ 66. Kd3 Rh2 67. Kc4
b2 68. d5 a3 69. d6+ Kxd6 70. g6 Rh4+ 71. Kd3 Rxh6 0-1

[Event "Titled Tue 20th May Early"]
[Site "chess.com INT"]
[Date "2025.05.20"]
[Round "4"]
[White "Swara Lakshmi S Nair"]
[Black "Mizzi, Jack"]
[Result "0-1"]
[WhiteTitle "WCM"]
[BlackTitle "CM"]
[WhiteElo "2178"]
[BlackElo "2086"]
[WhiteFideId "25629239"]
[BlackFideId "5602521"]
[EventDate "2025.05.20"]

1. e4 c6 2. d4 d5 3. Nc3 dxe4 4. Nxe4 Bf5 5. Ng3 Bg6 6. Nf3 Nd7 7. h4 h6 8. h5
Bh7 9. Bd3 Bxd3 10. Qxd3 Ngf6 11. Bd2 e6 12. O-O-O Be7 13. Ne4 Nxe4 14. Qxe4 Nf6
15. Qe2 Qd5 16. Kb1 Qe4 17. Be3 Nd5 18. Nd2 Qh7 19. Nc4 a5 20. g4 a4 21. Bc1 a3
22. Rhe1 Bg5 23. Nd6+ Kd7 24. Nxf7 Rhe8 25. Bxg5 axb2 26. Ne5+ Kc7 27. Bd2 b5
28. Qd3 Qg8 29. Qg3 Kb7 30. Qb3 Ra4 31. c4 Nc7 32. cxb5 cxb5 33. Nd3 Rxd4 34.
Nxb2 Ra8 35. Be3 Rxg4 36. Rc1 Qe8 37. Bc5 Nd5 38. Rcd1 Qc6 39. Be3 Nc3+ 40. Ka1
Nxa2 41. Qxa2 Rxa2+ 42. Kxa2 Qc2 43. Rd7+ Kc8 44. Ra7 Kd8 45. Rc1 Qxc1 46. Bxc1
Rh4 47. Rxg7 Rxh5 48. Be3 Ke8 49. Nd3 Kf8 50. Rb7 Kg8 51. Nf4 Re5 52. Ng6 Re4
53. Rxb5 h5 54. Rxh5 Kf7 55. Ne5+ Kf6 56. Nd3 Ra4+ 57. Kb3 Ra8 58. Bd4+ Kg6 59.
Re5 Kf7 60. Nc5 Rb8+ 61. Kc4 Rc8 62. Rxe6 Ra8 63. Re2 Ra5 64. Rb2 Kg6 65. Nd3
Ra8 66. Bc5 Kf5 67. Re2 Kg4 68. Re4+ Kf3 69. Rf4+ Ke2 70. Rf7 Rd8 71. Re7+ Kf3
72. Re3+ Kg4 73. Ne5+ Kf4 74. Bd4 Kf5 75. Nd3 Rc8+ 76. Bc5 Rd8 77. f4 Kg4 78.
Re5 Rc8 79. Rg5+ Kh4 0-1

[Event "Titled Tue 20th May Early"]
[Site "chess.com INT"]
[Date "2025.05.20"]
[Round "4"]
[White "Sakun, Volodymyr"]
[Black "Carnicelli, Valerio"]
[Result "1-0"]
[WhiteTitle "FM"]
[BlackTitle "FM"]
[WhiteElo "2301"]
[BlackElo "2396"]
[WhiteFideId "14114062"]
[BlackFideId "856185"]
[EventDate "2025.05.20"]

1. d4 Nf6 2. c4 d6 3. Nc3 e5 4. Nf3 Nc6 5. d5 Ne7 6. e4 Ng6 7. g3 Be7 8. Bg2 O-O
9. O-O a5 10. h3 Nd7 11. Be3 b6 12. a3 Ba6 13. Nd2 Bg5 14. Bxg5 Qxg5 15. b4 Ne7
16. h4 Qh6 17. Qe2 f5 18. Nb5 Rac8 19. Bh3 Nf6 20. Na7 Ra8 21. Nc6 Nxc6 22. dxc6
f4 23. Kg2 Nh5 24. Bg4 Nf6 25. Bf5 g6 26. Be6+ Kh8 27. b5 Bc8 28. Bxc8 Raxc8 29.
Nf3 Qh5 30. Rae1 Qg4 31. Ng5 h6 32. Qxg4 Nxg4 33. Nf3 Rf7 34. Nh2 Nxh2 35. Kxh2
h5 36. f3 fxg3+ 37. Kxg3 Rf4 38. Rh1 Rcf8 39. Re3 Kg7 40. Kf2 Kh6 41. Ke2 Kg7
42. Rd3 Kf6 43. Rh3 Rg8 44. Rd1 g5 45. hxg5+ Rxg5 46. Rdh1 Kg6 47. Kf2 Kh6 48.
R1h2 Rf6 49. Ke2 Kg6 50. Kf2 Rf4 51. Ke2 h4 52. Rxh4 Rxh4 53. Rxh4 Rg2+ 54. Kf1
Ra2 55. Rh8 Rxa3 56. Rc8 Rxf3+ 57. Ke2 Rf7 58. Rg8+ Kf6 59. Kf3 Ke7+ 60. Kg4
Rf4+ 61. Kg5 Rf8 62. Rg7+ Kd8 63. Kg6 Kc8 64. Kg5 Kb8 65. Kg6 Rc8 66. Kf6 a4 67.
Ke6 a3 68. Rg3 a2 69. Ra3 Re8+ 70. Kd5 Rf8 71. Rxa2 Rf3 72. Rg2 Rd3+ 73. Ke6 Rd4
74. Rg8+ Ka7 75. Rc8 Rxc4 76. Rxc7+ Ka8 77. Rb7 Rxe4 78. Rxb6 Rc4 79. Kd7 d5 80.
c7 Ka7 81. Rb8 d4 82. b6+ Ka6 83. b7 d3 84. c8=Q Rxc8 85. bxc8=Q+ 1-0

[Event "Titled Tue 20th May Early"]
[Site "chess.com INT"]
[Date "2025.05.20"]
[Round "4"]
[White "Sahib, Singh"]
[Black "Dorrance, Adam"]
[Result "1/2-1/2"]
[WhiteTitle "FM"]
[BlackTitle "FM"]
[WhiteElo "2416"]
[BlackElo "2301"]
[WhiteFideId "25618342"]
[BlackFideId "2618567"]
[EventDate "2025.05.20"]

1. e4 e6 2. d4 d5 3. Nd2 c5 4. exd5 exd5 5. Ngf3 Nf6 6. Bb5+ Bd7 7. Bxd7+ Nbxd7
8. O-O Be7 9. dxc5 Nxc5 10. Nb3 O-O 11. Be3 Nce4 12. Nbd4 Qd7 13. Ne5 Qc7 14.
Ndf3 Bc5 15. Bxc5 Qxc5 16. c3 Rfd8 17. Qd4 Qc7 18. Rad1 a5 19. a4 Rac8 20. Rfe1
h6 21. Nd2 Nc5 22. Ndf3 Nfe4 23. Nd3 Qc6 24. Nxc5 Nxc5 25. Re7 Qd6 26. Re5 Qc6
27. Re7 Qd6 28. Re5 Ne6 29. Qd2 Qc6 30. Rxd5 Qxa4 31. Re1 Rxd5 32. Qxd5 Qc6 33.
Qxa5 b6 34. Qf5 Rd8 35. Qxf7+ Kxf7 36. Ne5+ Kf6 37. Nxc6 Rd2 38. b4 Nf4 39. g3
Ne2+ 40. Kg2 Nxc3 41. Na7 Nd5 42. b5 Ra2 43. Nc6 Rb2 44. Nd4 Nc3 45. Re6+ Kf7
46. Rxb6 Nd1 47. Rb7+ Kf6 48. Rb6+ Kf7 49. Kf3 Rxf2+ 50. Ke4 Nc3+ 51. Kd3 Nd5
52. Rb7+ Kf6 53. Kc4 Ne3+ 54. Kc5 Rxh2 55. b6 Rb2 56. Rd7 Nc2 57. Nc6 Na3 58. b7
Rb5+ 59. Kd4 Rb3 60. b8=Q Rxb8 61. Nxb8 Nb5+ 62. Kc5 Na3 63. Nc6 Nc2 64. Rd2 Ne3
65. Rf2+ Kg5 66. Nd4 Ng4 67. Rf5+ Kg6 68. Rf4 Nf6 69. Nf3 Nh5 70. Rg4+ Kf5 71.
Nh2 g5 72. Kd4 Nf6 73. Rxg5+ hxg5 74. Ke3 Ng4+ 75. Nxg4 Kxg4 76. Kf2 Kf5 77. Kf3
g4+ 78. Ke3 Ke5 79. Kd3 Kd5 80. Ke3 Ke5 81. Kd3 Kd5 82. Ke3 Ke5 1/2-1/2